Do kolečka do kola směs /

Hlavní autor: Bláha, Václav, 1901-1959
Jazyk: Nelze použít, není lingvistický obsah
Vydáno: Praha : Státní nakladatelství krásné literatury, hudby a umění, 1954
Vydání: 1. vyd.
Edice: Dechová hudba (SNKLHU)
Fyzický popis: 25 hlasů
Hudebniny Hudebniny
Uloženo v:
LEADER 00810ncm a22002412a 4500
001 001108136
003 CZ BrMZK
005 20110401131204.0
007 qu
008 100729s1954 xr |||||||||||||||||zxx d
040 |a BOA001  |b cze 
072 7 |a 788  |x Hudba pro dechové nástroje  |2 Konspekt  |9 9 
100 1 |a Bláha, Václav,  |d 1901-1959  |7 jo20010086360  |4 cmp 
245 1 0 |a Do kolečka do kola  |h [hudebnina] :  |b směs /  |c Václav Bláha 
250 |a 1. vyd. 
260 |a Praha :  |b Státní nakladatelství krásné literatury, hudby a umění,  |c 1954 
300 |a 25 hlasů 
490 1 |a Dechová hudba ;  |v 149 
830 0 |a Dechová hudba (SNKLHU) 
910 |a BOA001  |b Mus3-0374.192 
990 |a MU 
991 |b 201104 
996 6 |b 2619451930  |c Mus3-0374.192  |l MZK  |r Sklad / do 1 hodiny  |n 3  |w 001135453  |u 000010  |a 1  |e BOA001  |j MZK50  |s P